[Event "10th Philadelphia International"]
[Site "Philadelphia, PA"]
[Date "2016.07.09"]
[Round "8"]
[White "Peng, David"]
[Black "Ghatti, Sanjay"]
[Result "1-0"]
[WhiteElo "2261"]
[BlackElo "2151"]
[PlyCount "111"]
[EventDate "2016.07.??"]
[EventType "swiss"]
[EventRounds "9"]
[EventCountry "USA"]

1. e4 c6 2. d4 d5 3. Nd2 dxe4 4. Nxe4 Bf5 5. Ng3 Bg6 6. h4 h6 7. Nf3 Nd7 8. h5
Bh7 9. Bd3 Bxd3 10. Qxd3 e6 11. Bd2 Ngf6 12. O-O-O Be7 13. Kb1 Qb6 14. Rhe1 O-O
15. Nf5 exf5 16. Rxe7 Qd8 17. Re2 Ne4 18. Be3 Re8 19. g3 Ndf6 20. Ne5 Nd5 21.
Rde1 Qa5 22. Ka1 Rad8 23. Qb3 Qb4 24. Nd3 Qxb3 25. axb3 Nef6 26. Bd2 Rxe2 27.
Rxe2 Nxh5 28. Re5 Ndf6 29. Rxf5 Rxd4 30. Be3 Rd5 31. Rxd5 Nxd5 32. Bxa7 f5 33.
Nc5 b5 34. Nd3 f4 35. c4 Ne7 36. g4 Nf6 37. Ne5 Ne4 38. f3 Nd2 39. Ka2 Kh7 40.
Bc5 Ng6 41. Nxc6 bxc4 42. b4 Nxf3 43. b5 Nfe5 44. Nxe5 Nxe5 45. b6 Nd7 46. b7
g5 47. Ka3 h5 48. gxh5 g4 49. Bd6 f3 50. Bg3 Kh6 51. Kb4 Kxh5 52. Kxc4 Kg6 53.
Kd5 Kf7 54. b4 Ke7 55. Kc6 Kd8 56. Bh4+ 1-0

[Event "10th Philadelphia International"]
[Site "Philadelphia, PA"]
[Date "2016.07.09"]
[Round "8"]
[White "Taghizadeh, Rayan"]
[Black "Zhou, Guijue"]
[Result "1-0"]
[WhiteElo "2182"]
[BlackElo "2238"]
[PlyCount "61"]
[EventDate "2016.07.??"]
[EventType "swiss"]
[EventRounds "9"]
[EventCountry "USA"]

1. e4 c5 2. Nf3 Nc6 3. Bb5 d6 4. O-O Bd7 5. Re1 g6 6. c3 a6 7. Bf1 Bg7 8. h3
Nf6 9. d4 O-O 10. d5 Nb8 11. Nbd2 b5 12. a4 bxa4 13. Bd3 Ne8 14. e5 dxe5 15.
Nxe5 Nc7 16. Ndf3 f6 17. Nxd7 Nxd7 18. c4 Nb6 19. Be3 Qd6 20. Qd2 e6 21. Qa5
Nd7 22. dxe6 Nxe6 23. Be4 Rad8 24. Rad1 Qb6 25. Qxa4 Ne5 26. Nxe5 fxe5 27. Bd5
Rd6 28. b4 Kh8 29. bxc5 Nxc5 30. Qa3 Rc8 31. Rb1 1-0

[Event "10th Philadelphia International"]
[Site "Philadelphia, PA"]
[Date "2016.07.09"]
[Round "8"]
[White "Yao, Lan"]
[Black "Kumar, Aravind"]
[Result "1-0"]
[WhiteElo "2131"]
[BlackElo "2234"]
[PlyCount "71"]
[EventDate "2016.07.??"]
[EventType "swiss"]
[EventRounds "9"]
[EventCountry "USA"]

1. e4 e6 2. d4 d5 3. Nc3 Bb4 4. e5 c5 5. Bd2 Ne7 6. Nb5 Bxd2+ 7. Qxd2 O-O 8. f4
Nbc6 9. Nf3 cxd4 10. Nbxd4 f6 11. exf6 Rxf6 12. O-O-O Bd7 13. Ne5 Nxd4 14. Qxd4
Nc6 15. Qe3 Nxe5 16. Qxe5 b5 17. Bd3 Qa5 18. Kb1 Raf8 19. Rhf1 Qa4 20. b3 Qa5
21. f5 b4 22. fxe6 Bxe6 23. Rxf6 Rxf6 24. Qb8+ Kf7 25. Bxh7 Ke7 26. Qh8 Rf7 27.
Bg6 Rf2 28. Qxg7+ Kd6 29. Bd3 Qc5 30. Re1 Bd7 31. h4 a5 32. h5 a4 33. h6 a3 34.
h7 d4 35. Qe7+ Kc6 36. Qxc5+ 1-0

[Event "10th Philadelphia International"]
[Site "Philadelphia, PA"]
[Date "2016.07.09"]
[Round "8"]
[White "Titus, Andrew"]
[Black "Guddanti, Harshita"]
[Result "0-1"]
[WhiteElo "2173"]
[BlackElo "2143"]
[PlyCount "74"]
[EventDate "2016.07.??"]
[EventType "swiss"]
[EventRounds "9"]
[EventCountry "USA"]

1. e4 c5 2. Nf3 d6 3. d4 cxd4 4. Nxd4 Nf6 5. Nc3 g6 6. Be3 Bg7 7. f3 O-O 8. Qd2
Nc6 9. Bc4 Bd7 10. Bb3 Rc8 11. O-O-O Nxd4 12. Bxd4 b5 13. Nd5 Nxd5 14. Bxg7
Kxg7 15. exd5 a5 16. Qd4+ Kg8 17. c3 b4 18. h4 bxc3 19. bxc3 a4 20. Bc2 Qa5 21.
Rd3 Bb5 22. Rd2 Rc4 23. Qe3 Rxc3 24. Qd4 Rfc8 25. Kd1 Bd3 26. Qxd3 Rxd3 27.
Rxd3 Rc5 28. Rf1 Rxd5 29. Rf2 Re5 30. Re2 Rxe2 31. Kxe2 Qe5+ 32. Kd1 Qa1+ 33.
Kd2 Qxa2 34. Rd4 a3 35. Ra4 Qb2 36. Ra8+ Kg7 37. Kd1 a2 0-1

[Event "10th Philadelphia International"]
[Site "Philadelphia, PA"]
[Date "2016.07.09"]
[Round "8"]
[White "Yim, Sung"]
[Black "Tickoo, Sahil"]
[Result "0-1"]
[WhiteElo "2169"]
[BlackElo "2016"]
[PlyCount "74"]
[EventDate "2016.07.??"]
[EventType "swiss"]
[EventRounds "9"]
[EventCountry "USA"]

1. e4 c5 2. Nc3 Nc6 3. Bb5 Nd4 4. Bc4 Nf6 5. Nge2 e6 6. O-O b5 7. Nxb5 Nxb5 8.
Bxb5 Nxe4 9. d4 Bb7 10. Ng3 Nxg3 11. fxg3 h5 12. Be3 a6 13. Ba4 c4 14. Qe2 Bd5
15. Qf2 f5 16. Bd2 Bd6 17. Bf4 Qc7 18. c3 Bxf4 19. Qxf4 Qxf4 20. gxf4 Ke7 21.
b4 h4 22. Bd1 a5 23. b5 a4 24. Bf3 Bxf3 25. gxf3 Rhb8 26. Rab1 Ra5 27. b6 Ra6
28. Rb4 Raxb6 29. Rxc4 Rb2 30. Rxa4 Rd2 31. Rb4 Rxb4 32. cxb4 Rxa2 33. Rb1 Kd6
34. b5 Kc7 35. b6+ Kb7 36. Rb5 Rd2 37. Rb4 h3 0-1

[Event "10th Philadelphia International"]
[Site "Philadelphia, PA"]
[Date "2016.07.09"]
[Round "8"]
[White "Aggarwal, Vaibhav"]
[Black "Norovsambuu, Badamkhand"]
[Result "0-1"]
[WhiteElo "1799"]
[BlackElo "2024"]
[PlyCount "97"]
[EventDate "2016.07.??"]
[EventType "swiss"]
[EventRounds "9"]
[EventCountry "USA"]

1. e4 c6 2. d4 d5 3. Nc3 dxe4 4. Nxe4 Bf5 5. Ng3 Bg6 6. Bc4 e6 7. N1e2 Nf6 8.
O-O Bd6 9. f4 O-O 10. f5 exf5 11. Nxf5 Bc7 12. Qe1 Nd5 13. Bxd5 cxd5 14. Qb4
Bxf5 15. Rxf5 Qd7 16. Rf3 Nc6 17. Qe1 Rae8 18. Qf2 Re4 19. c3 Rfe8 20. Re3 f5
21. Rxe4 fxe4 22. Bf4 Rf8 23. Qg3 Bxf4 24. Nxf4 Qf7 25. Rf1 Ne7 26. Qe1 b5 27.
Qe2 a6 28. Qg4 a5 29. Rf2 Qf5 30. Qg3 Qd7 31. Nh5 Nf5 32. Qg4 g6 33. Ng3 Qc8
34. Qg5 b4 35. Nxf5 Rxf5 36. Rxf5 Qxf5 37. Qd8+ Kg7 38. cxb4 axb4 39. Qe7+ Kh6
40. Qxb4 e3 41. Qe1 Qe4 42. Qd1 Qf4 43. Qf3 Qxd4 44. Kf1 Qd3+ 45. Ke1 Kg7 46.
Qd1 Qe4 47. a4 d4 48. a5 d3 49. a6 0-1

[Event "10th Philadelphia International"]
[Site "Philadelphia, PA"]
[Date "2016.07.09"]
[Round "8"]
[White "Shepherd, Duncan"]
[Black "Nieto, Guillermo"]
[Result "1/2-1/2"]
[WhiteElo "1687"]
[BlackElo "1894"]
[PlyCount "96"]
[EventDate "2016.07.??"]
[EventType "swiss"]
[EventRounds "9"]
[EventCountry "USA"]

1. d4 Nf6 2. c4 e6 3. Nf3 Bb4+ 4. Nbd2 b6 5. a3 Bxd2+ 6. Qxd2 Bb7 7. e3 O-O 8.
Be2 Ne4 9. Qc2 f5 10. O-O d6 11. b4 Nd7 12. Bb2 Qe7 13. Rad1 a5 14. d5 e5 15.
Bd3 Ng5 16. Bxf5 Nxf3+ 17. gxf3 Qg5+ 18. Bg4 Rxf3 19. Qe4 Rf7 20. Qg2 Nf8 21.
Be2 Qxg2+ 22. Kxg2 Bc8 23. Bd3 Bf5 24. Bxf5 Rxf5 25. Rc1 Nd7 26. Rc2 g5 27. Bc3
a4 28. Bd2 h6 29. f3 Raf8 30. Rcc1 Kg7 31. h3 Kg6 32. e4 R5f7 33. Be3 h5 34. c5
bxc5 35. bxc5 Nxc5 36. Bxc5 dxc5 37. Rxc5 g4 38. hxg4 hxg4 39. Rc4 Rxf3 40. Rd1
Rxa3 41. Rxc7 Rff3 42. Re7 Rg3+ 43. Kh2 Rh3+ 44. Kg1 Ra2 45. Rxe5 Rg3+ 46. Kh1
Rh3+ 47. Kg1 Rg3+ 48. Kh1 Rh3+ 1/2-1/2

[Event "10th Philadelphia International"]
[Site "Philadelphia, PA"]
[Date "2016.07.09"]
[Round "8"]
[White "Su, Michael"]
[Black "Odeh, Kenneth"]
[Result "0-1"]
[WhiteElo "1644"]
[BlackElo "2032"]
[PlyCount "120"]
[EventDate "2016.07.??"]
[EventType "swiss"]
[EventRounds "9"]
[EventCountry "USA"]

1. d4 Nf6 2. c4 g6 3. g3 c6 4. Nf3 Bg7 5. Bg2 d5 6. b3 O-O 7. O-O dxc4 8. bxc4
c5 9. Bb2 cxd4 10. Nxd4 Na6 11. Nd2 Nd7 12. Qc2 Ndc5 13. N4b3 Bf5 14. Qc1 e5
15. Nxc5 Nxc5 16. Ba3 Rc8 17. Nb3 b6 18. Bxc5 bxc5 19. Qa3 Qc7 20. Rad1 Be6 21.
Bd5 Bh3 22. Bg2 Bg4 23. Rfe1 Rfd8 24. Rxd8+ Rxd8 25. Bd5 Bf8 26. f3 Bh3 27. Qb2
Bh6 28. Kf2 Bc8 29. Qa3 Bf8 30. e4 h5 31. Qa5 Qe7 32. Kg2 Rd7 33. Qb5 Rc7 34.
Na5 Bd7 35. Qb2 Kh7 36. Nb3 h4 37. Qd2 Bh6 38. Qf2 h3+ 39. Kg1 f5 40. Qe2 f4
41. g4 Rc8 42. Qf2 Bf8 43. Rc1 Qg5 44. Kh1 Be7 45. Rf1 Qf6 46. Qb2 Rb8 47. Qa3
Qb6 48. Rd1 Be8 49. Rc1 Kg7 50. Rf1 Qc7 51. Rc1 Bd7 52. Rf1 Rb4 53. Qb2 a5 54.
Qc2 Qb6 55. Rb1 Ba4 56. Qc3 Bd6 57. Kg1 Bxb3 58. Rxb3 a4 59. Ra3 Rb2 60. Rxa4
Rg2+ 0-1

[Event "10th Philadelphia International"]
[Site "Philadelphia, PA"]
[Date "2016.07.09"]
[Round "8"]
[White "Slade, Theodore"]
[Black "Bhatia, Aryaman"]
[Result "1-0"]
[WhiteElo "2018"]
[BlackElo "1295"]
[PlyCount "141"]
[EventDate "2016.07.??"]
[EventType "swiss"]
[EventRounds "9"]
[EventCountry "USA"]

1. d4 d5 2. Nf3 Nf6 3. e3 e6 4. Bd3 c5 5. b3 cxd4 6. exd4 Bd6 7. Bb2 O-O 8. O-O
Nc6 9. a3 Bd7 10. Nbd2 Rc8 11. Ne5 Qc7 12. f4 Ne8 13. c4 f6 14. Nxd7 Qxd7 15.
cxd5 exd5 16. Rc1 f5 17. b4 Nf6 18. Nb3 b6 19. Ba6 Rc7 20. Bb5 Rfc8 21. Qd3 Ne4
22. Rc2 Qe7 23. Bxc6 Rxc6 24. Rxc6 Rxc6 25. Qb5 Qd7 26. Qxd5+ Kf8 27. Rc1 Rxc1+
28. Nxc1 Nf6 29. Qa8+ Kf7 30. Nd3 Ne4 31. d5 Qc7 32. Qc6 Bxf4 33. Qe6+ Kf8 34.
Qxf5+ Nf6 35. Nxf4 Qe7 36. Qe6 Nxd5 37. Qxe7+ Nxe7 38. Ne6+ Kf7 39. Nxg7 Nd5
40. Kf2 a5 41. b5 Nf4 42. Kf3 Nd3 43. Bd4 a4 44. Nh5 Nc1 45. Bxb6 Na2 46. Bd4
Ke6 47. Nf4+ Kd6 48. Nd3 Kd5 49. b6 Kc6 50. Ke4 h5 51. Nb4+ Nxb4 52. axb4 a3
53. Kd3 a2 54. Kc2 a1=Q 55. Bxa1 Kxb6 56. Bd4+ Kc6 57. Kd3 Kb5 58. Bc5 Kc6 59.
Kc4 Kd7 60. h4 Ke6 61. b5 Kf5 62. Bd6 Kg4 63. g3 Kh3 64. b6 Kg2 65. b7 Kh3 66.
b8=Q Kg2 67. Kd3 Kh3 68. Ke3 Kg2 69. Qb7+ Kh3 70. Kf2 Kg4 71. Qc8# 1-0

[Event "10th Philadelphia International"]
[Site "Philadelphia, PA"]
[Date "2016.07.10"]
[Round "9.1"]
[White "Jimenez, Fidel"]
[Black "Shimanov, Alex"]
[Result "1/2-1/2"]
[WhiteElo "2530"]
[BlackElo "2627"]
[PlyCount "21"]
[EventDate "2016.07.??"]
[EventType "swiss"]
[EventRounds "9"]
[EventCountry "USA"]
[WhiteClock "1:53:18"]
[BlackClock "1:53:11"]

1. d4 Nf6 2. c4 e6 3. Nc3 d5 4. cxd5 Nxd5 5. e4 Nxc3 6. bxc3 c5 7. Nf3 cxd4 8.
cxd4 Bb4+ 9. Bd2 Bxd2+ 10. Qxd2 O-O 11. Bc4 1/2-1/2

[Event "10th Philadelphia International"]
[Site "Philadelphia, PA"]
[Date "2016.07.10"]
[Round "9.2"]
[White "Bachmann, Axel"]
[Black "Mikhalevski, Victor"]
[Result "1-0"]
[WhiteElo "2649"]
[BlackElo "2545"]
[PlyCount "115"]
[EventDate "2016.07.??"]
[EventType "swiss"]
[EventRounds "9"]
[EventCountry "USA"]
[WhiteClock "0:21:11"]
[BlackClock "0:00:12"]

1. e4 e5 2. Nf3 Nc6 3. Bc4 Bc5 4. c3 Nf6 5. d3 a6 6. O-O d6 7. a4 Ba7 8. Na3
Ne7 9. Nc2 Ng6 10. Be3 O-O 11. Bxa7 Rxa7 12. Re1 a5 13. d4 Ra8 14. dxe5 dxe5
15. Qxd8 Rxd8 16. Ng5 Rf8 17. Ne3 h6 18. Nf3 Nxe4 19. Nd5 Bf5 20. Ba2 c6 21.
Nb6 Rad8 22. Bb1 Nd6 23. Bxf5 Nxf5 24. Nxe5 Nd6 25. Ned7 Rfe8 26. Nc5 f5 27.
Ne6 Rb8 28. Rad1 Ne4 29. Nd4 f4 30. Nf5 Nc5 31. h4 Re5 32. h5 Nd3 33. Rxe5
Ngxe5 34. Nc4 Nxc4 35. Rxd3 Rf8 36. Ne7+ Kf7 37. Ng6 Re8 38. Rd7+ Kf6 39. Rxb7
Re1+ 40. Kh2 Re2 41. b3 Ne5 42. Nxe5 Rxe5 43. b4 Rxh5+ 44. Kg1 Re5 45. Rb6 Re6
46. bxa5 Re5 47. Rxc6+ Ke7 48. Rc7+ Kf6 49. a6 Ra5 50. Ra7 Rxa4 51. Ra8 Ra1+
52. Kh2 g5 53. a7 Kg7 54. c4 g4 55. c5 Ra5 56. c6 Rh5+ 57. Kg1 Rc5 58. Rg8+ 1-0

[Event "10th Philadelphia International"]
[Site "Philadelphia, PA"]
[Date "2016.07.10"]
[Round "9.3"]
[White "Zherebukh, Yaroslav"]
[Black "Popilski, Gil"]
[Result "1/2-1/2"]
[WhiteElo "2595"]
[BlackElo "2542"]
[PlyCount "42"]
[EventDate "2016.07.??"]
[EventType "swiss"]
[EventRounds "9"]
[EventCountry "USA"]
[WhiteClock "0:31:04"]
[BlackClock "1:04:24"]

1. d4 d5 2. c4 dxc4 3. e4 e5 4. Nf3 Nf6 5. Bxc4 Nxe4 6. O-O Be7 7. Nxe5 Nd6 8.
Bb3 O-O 9. Nc3 Nd7 10. Nf3 Nf6 11. Re1 Bf5 12. Bg5 c6 13. Re5 Re8 14. Qe2 Nd5
15. Bxd5 Bxg5 16. Rxe8+ Nxe8 17. Qe5 g6 18. Nxg5 Qxg5 19. Be4 Ng7 20. Bxf5 Re8
21. Be6 Nxe6 1/2-1/2

[Event "10th Philadelphia International"]
[Site "Philadelphia, PA"]
[Date "2016.07.10"]
[Round "9.4"]
[White "Kannappan, Priyadharshan"]
[Black "Quevedo, Reynaldo"]
[Result "1-0"]
[WhiteElo "2484"]
[BlackElo "2432"]
[PlyCount "123"]
[EventDate "2016.07.??"]
[EventType "swiss"]
[EventRounds "9"]
[EventCountry "USA"]
[WhiteClock "0:15:15"]
[BlackClock "0:14:31"]

1. e4 c5 2. Nf3 d6 3. Bb5+ Bd7 4. c4 Nc6 5. Nc3 Ne5 6. d4 Nxf3+ 7. gxf3 cxd4 8.
Qxd4 Nf6 9. Bg5 Bxb5 10. cxb5 Nd7 11. O-O-O h6 12. Be3 e6 13. f4 a6 14. Kb1 Qa5
15. bxa6 bxa6 16. Rd2 Rb8 17. Rg1 Qb4 18. Qd3 Nc5 19. Bxc5 Qxc5 20. Rc2 Qb4 21.
Qxa6 Be7 22. Rxg7 Kf8 23. Rg3 Rg8 24. Qe2 Bf6 25. e5 Bg7 26. Qe3 Bh8 27. Re2
Rc8 28. Qe4 Qb8 29. Qd4 d5 30. Rc2 Rg6 31. Qd3 Rxg3 32. hxg3 Bg7 33. Ne2 Kg8
34. Rxc8+ Qxc8 35. Qc2 Qb8 36. a3 Bf8 37. Ka2 Kg7 38. Nc1 Qb6 39. Nd3 Qd4 40.
b4 Be7 41. Kb3 h5 42. a4 h4 43. gxh4 Bxh4 44. a5 Qa1 45. Qc1 Qd4 46. Qc3 Qa7
47. Qc5 Qa6 48. Qd4 Qb5 49. f5 exf5 50. Nc5 Be7 51. Qxd5 Qf1 52. Qd4 Kg6 53.
Ka4 Qe2 54. Nd3 Qa2+ 55. Kb5 Bg5 56. a6 Qe2 57. a7 Qf3 58. Nc5 Be7 59. Qd3 Qa8
60. Qd7 Bxc5 61. bxc5 Qf3 62. Qc6+ 1-0

[Event "10th Philadelphia International"]
[Site "Philadelphia, PA"]
[Date "2016.07.10"]
[Round "9"]
[White "Mulyar, Michael"]
[Black "Hong, Andrew"]
[Result "1-0"]
[WhiteElo "2381"]
[BlackElo "2151"]
[PlyCount "107"]
[EventDate "2016.07.??"]
[EventType "swiss"]
[EventRounds "9"]
[EventCountry "USA"]

1. d4 Nf6 2. Nf3 g6 3. c4 Bg7 4. g3 O-O 5. Bg2 d6 6. O-O Nc6 7. Nc3 a6 8. h3
Bd7 9. e4 e5 10. Be3 Rb8 11. dxe5 Nxe5 12. Nxe5 dxe5 13. Qe2 Qe7 14. Rfd1 Rfd8
15. Rac1 Rbc8 16. Nd5 Nxd5 17. cxd5 Qe8 18. Rc3 a5 19. Qc2 Bf8 20. Bg5 Be7 21.
Bxe7 Qxe7 22. Rxc7 Qd6 23. Rc1 Kf8 24. Qc5 Qxc5 25. R1xc5 b6 26. Rc3 Ke7 27. f4
f6 28. fxe5 fxe5 29. Rb7 Rxc3 30. bxc3 Rc8 31. Bf1 Kd8 32. c4 b5 33. cxb5 Rc3
34. b6 Rxg3+ 35. Kf2 Ra3 36. Bc4 Rc3 37. Rb8+ Ke7 38. b7 Rc2+ 39. Ke3 Rxc4 40.
Ra8 Rb4 41. b8=Q Rxb8 42. Rxb8 Bxh3 43. Ra8 Bd7 44. Rxa5 h5 45. Ra6 Kf7 46. a4
h4 47. Kf2 g5 48. a5 Ke7 49. Rg6 g4 50. a6 g3+ 51. Kg2 Ba4 52. a7 Bc2 53. Rg4
Bd1 54. Rxh4 1-0

[Event "10th Philadelphia International"]
[Site "Philadelphia, PA"]
[Date "2016.07.10"]
[Round "9"]
[White "Balakrishnan, Praveen"]
[Black "Papp, Gabor"]
[Result "1/2-1/2"]
[WhiteElo "2367"]
[BlackElo "2584"]
[PlyCount "171"]
[EventDate "2016.07.??"]
[EventType "swiss"]
[EventRounds "9"]
[EventCountry "USA"]

1. e4 c5 2. Nf3 e6 3. d4 cxd4 4. Nxd4 a6 5. Bd3 Nf6 6. Nc3 d6 7. O-O g6 8. f4
Bg7 9. Be3 O-O 10. a4 Nbd7 11. Nb3 b6 12. g4 Nc5 13. a5 Nfd7 14. axb6 Nxb3 15.
cxb3 Nxb6 16. Qe2 Nd7 17. Bxa6 Bxa6 18. Rxa6 Rxa6 19. Qxa6 d5 20. exd5 Nf6 21.
dxe6 Nxg4 22. Bc5 Bd4+ 23. Bxd4 Qxd4+ 24. Kh1 Ne3 25. Re1 Qxf4 26. Qe2 Nf5 27.
e7 Nxe7 28. Qxe7 Qf3+ 29. Kg1 Qg4+ 30. Kf2 Qf4+ 31. Kg2 Qg4+ 32. Kf2 Qf4+ 33.
Ke2 Qxh2+ 34. Kd3 Qxb2 35. Rb1 Qg2 36. b4 Rc8 37. Qf6 h5 38. b5 h4 39. Rf1 Qh3+
40. Rf3 Qd7+ 41. Qd4 Qe7 42. Re3 Qg5 43. b6 Qf5+ 44. Kd2 Qf2+ 45. Ne2 Qf5 46.
Re4 Qg5+ 47. Kd1 Rd8 48. b7 h3 49. Ke1 Rxd4 50. b8=Q+ Rd8 51. Qg3 Qd5 52. Rd4
Qa5+ 53. Kf2 Qc5 54. Qe3 Rxd4 55. Nxd4 Qh5 56. Qe4 h2 57. Qh1 Qc5 58. Ke3 Qc3+
59. Ke4 f5+ 60. Kd5 Qd2 61. Kc4 Qf4 62. Kc3 Qe3+ 63. Kc4 Qg1 64. Qd5+ Kh7 65.
Qf7+ Kh6 66. Nxf5+ gxf5 67. Qf6+ Qg6 68. Qh4+ Kg7 69. Qxh2 Qe6+ 70. Kd3 Qe4+
71. Kd2 f4 72. Qe2 Qb4+ 73. Kd3 Kf6 74. Qg4 Qb3+ 75. Ke2 Qe3+ 76. Kf1 Qe4 77.
Kf2 Qd4+ 78. Ke2 Qe3+ 79. Kf1 Qd3+ 80. Kf2 Qd2+ 81. Kf1 Ke5 82. Qh5+ Kd4 83.
Qh8+ Ke3 84. Qh3+ Ke4 85. Qe6+ Kf3 86. Qh3+ 1/2-1/2

[Event "10th Philadelphia International"]
[Site "Philadelphia, PA"]
[Date "2016.07.10"]
[Round "9"]
[White "Burke, John"]
[Black "Viswanadha, Kesav"]
[Result "1-0"]
[WhiteElo "2571"]
[BlackElo "2357"]
[PlyCount "59"]
[EventDate "2016.07.??"]
[EventType "swiss"]
[EventRounds "9"]
[EventCountry "USA"]

1. e4 e5 2. Nf3 Nc6 3. Bb5 a6 4. Ba4 Nf6 5. O-O Be7 6. d3 b5 7. Bb3 d6 8. a3
O-O 9. Nc3 Bg4 10. Be3 Nd4 11. Bxd4 exd4 12. Nd5 c6 13. h3 Bxf3 14. Nxf6+ Bxf6
15. Qxf3 Rc8 16. a4 Qe7 17. Qg3 Kh8 18. axb5 axb5 19. Ra6 g6 20. Rfa1 Be5 21.
f4 Bg7 22. Qf3 Qe8 23. Ra7 f5 24. Rxg7 Kxg7 25. Ra7+ Kh8 26. Qf2 Qd8 27. Qxd4+
Qf6 28. e5 c5 29. Qd5 dxe5 30. Qd7 1-0

[Event "10th Philadelphia International"]
[Site "Philadelphia, PA"]
[Date "2016.07.10"]
[Round "9"]
[White "Bora, Safal"]
[Black "Niemann, Hans"]
[Result "1/2-1/2"]
[WhiteElo "2404"]
[BlackElo "2269"]
[PlyCount "123"]
[EventDate "2016.07.??"]
[EventType "swiss"]
[EventRounds "9"]
[EventCountry "USA"]

1. Nf3 g6 2. e4 c5 3. d4 cxd4 4. Qxd4 Nf6 5. Nc3 Nc6 6. Qa4 d6 7. e5 Nd7 8.
exd6 Nc5 9. Qb5 exd6 10. Nd5 Ne6 11. Be2 Bg7 12. c3 O-O 13. O-O Nc7 14. Nxc7
Qxc7 15. Bf4 Be6 16. Rfd1 Rfd8 17. Rd2 a6 18. Qa4 b5 19. Qc2 Bf5 20. Bd3 Bxd3
21. Qxd3 Ne5 22. Qd5 Nc4 23. Rc2 Qc5 24. Rd1 Rac8 25. h3 Ne5 26. Ng5 Qxd5 27.
Rxd5 b4 28. Bxe5 Bxe5 29. c4 Rc5 30. b3 Rdc8 31. Rxc5 dxc5 32. Rd2 Bf4 33. Rd5
Bxg5 34. Rxg5 f5 35. g4 Rf8 36. gxf5 Rxf5 37. Rg3 Kf7 38. Re3 Rf6 39. Kf1 Re6
40. Rd3 Kf6 41. Rd8 Kf5 42. Rc8 Re5 43. Rc6 Ke4 44. Rxa6 Kd3 45. Rd6+ Kc2 46.
Rd5 Rf5 47. Kg2 Kb2 48. Rd2+ Ka3 49. Re2 Rg5+ 50. Kh2 Rf5 51. h4 h6 52. Kg3 g5
53. hxg5 hxg5 54. Kg4 Rf4+ 55. Kg3 Rf5 56. f3 Rf4 57. Rd2 Rh4 58. Kg2 g4 59. f4
g3 60. Kf3 g2 61. Rxg2 Rxf4+ 62. Kxf4 1/2-1/2

[Event "10th Philadelphia International"]
[Site "Philadelphia, PA"]
[Date "2016.07.10"]
[Round "9"]
[White "Aldama, Dionisio"]
[Black "Yao, Lan"]
[Result "1-0"]
[WhiteElo "2391"]
[BlackElo "2131"]
[PlyCount "103"]
[EventDate "2016.07.??"]
[EventType "swiss"]
[EventRounds "9"]
[EventCountry "USA"]

1. e4 c5 2. Nc3 d6 3. f4 Nc6 4. Nf3 g6 5. Bc4 Bg7 6. O-O e6 7. d3 Nge7 8. Qe1
O-O 9. f5 d5 10. Bg5 f6 11. Bb3 fxg5 12. fxe6 Nd4 13. Nxg5 Nxb3 14. Qh4 h5 15.
axb3 dxe4 16. dxe4 Qd4+ 17. Kh1 Bf6 18. Qg3 b6 19. Rad1 Ba6 20. Rxd4 cxd4 21.
Re1 dxc3 22. bxc3 Rac8 23. c4 Rc6 24. Nf3 Rxe6 25. h3 Bc3 26. Re3 Nf5 27. exf5
Rxe3 28. Qxg6+ Bg7 29. Ng5 Rf6 30. Qh7+ Kf8 31. Qxh5 Ke7 32. g4 Bb7+ 33. Kg1
Bc6 34. Nh7 Rg3+ 35. Kf1 Bg2+ 36. Kf2 Rxh3 37. Nxf6 Rxh5 38. Nxh5 Be4 39. Nxg7
Bxc2 40. b4 Kf6 41. Ne8+ Ke5 42. c5 bxc5 43. bxc5 Ba4 44. Nd6 Bc6 45. g5 Bd5
46. Ke3 a5 47. f6 Ke6 48. Kd4 Bc6 49. f7 Ke7 50. g6 Kf8 51. Ke5 Kg7 52. Nf5+
1-0

[Event "10th Philadelphia International"]
[Site "Philadelphia, PA"]
[Date "2016.07.10"]
[Round "9"]
[White "Yang, Kaiqi"]
[Black "Taghizadeh, Rayan"]
[Result "1-0"]
[WhiteElo "2387"]
[BlackElo "2182"]
[PlyCount "153"]
[EventDate "2016.07.??"]
[EventType "swiss"]
[EventRounds "9"]
[EventCountry "USA"]

1. e4 e5 2. Nf3 Nc6 3. Bc4 Bc5 4. c3 Nf6 5. d3 d6 6. Bb3 a6 7. Nbd2 O-O 8. Nf1
Ba7 9. Ng3 h6 10. Be3 Bxe3 11. fxe3 Be6 12. O-O d5 13. Qe1 dxe4 14. dxe4 Ne8
15. Rd1 Qe7 16. Bd5 Nd6 17. b3 Bxd5 18. exd5 Nb8 19. e4 c5 20. Nf5 Nxf5 21.
exf5 Nd7 22. d6 Qd8 23. Nd2 Rc8 24. Ne4 Nf6 25. Qe3 Rc6 26. Nxc5 Qb6 27. b4
Rxd6 28. Qxe5 Rxd1 29. Rxd1 Re8 30. Qd4 Qc6 31. Qd3 Re5 32. c4 b6 33. Nb3 Qa4
34. Qd2 Rxf5 35. h3 Re5 36. c5 Rd5 37. Qe1 Rxd1 38. Qxd1 Qxb4 39. Qd8+ Kh7 40.
Qd3+ g6 41. Qxa6 Ne4 42. Qf1 Kg8 43. c6 Qc3 44. Qc1 Qxc1+ 45. Nxc1 Kf8 46. Nd3
Ke7 47. Ne5 Ke6 48. c7 Nd6 49. Nc4 Nc8 50. Kf2 Kd5 51. Ne3+ Kd6 52. Ng4 h5 53.
Nh6 f6 54. Ke3 Kxc7 55. Ng8 Kd6 56. Nxf6 Ke6 57. Ne4 Ke5 58. Ng5 Ne7 59. Nf3+
Ke6 60. Kf4 Kf6 61. Ke4 Ke6 62. Nd4+ Kf6 63. a4 g5 64. g3 h4 65. gxh4 gxh4 66.
Nf3 Ng6 67. Kd5 Nf4+ 68. Kc6 Nxh3 69. Kxb6 Nf4 70. Nxh4 Ke7 71. a5 Kd7 72. a6
Nd5+ 73. Kb7 Nc7 74. a7 Na8 75. Ng6 Nc7 76. Nf8+ Kd6 77. Ne6 1-0

[Event "10th Philadelphia International"]
[Site "Philadelphia, PA"]
[Date "2016.07.10"]
[Round "9"]
[White "Guddanti, Harshita"]
[Black "Atoufi, Pedram"]
[Result "0-1"]
[WhiteElo "2143"]
[BlackElo "2272"]
[PlyCount "94"]
[EventDate "2016.07.??"]
[EventType "swiss"]
[EventRounds "9"]
[EventCountry "USA"]

1. e4 e5 2. Nf3 Nc6 3. Bb5 a6 4. Ba4 b5 5. Bb3 Na5 6. Bxf7+ Kxf7 7. Nxe5+ Ke7
8. Qf3 Qe8 9. d4 Nf6 10. Qa3+ d6 11. Qxa5 dxe5 12. Qxc7+ Nd7 13. Bg5+ Kf7 14.
d5 Bc5 15. O-O Rf8 16. Be3 Bxe3 17. fxe3+ Kg8 18. Nd2 Nf6 19. a4 Bd7 20. c4
bxc4 21. Qxc4 a5 22. b3 Qb8 23. Qd3 Be8 24. Rfc1 Qa7 25. h3 Qf7 26. Nf3 Qh5 27.
d6 Bd7 28. Rc5 Rae8 29. Rf1 Re6 30. Rxa5 h6 31. Rc5 Rd8 32. Qc4 Kh7 33. Rd1 Ne8
34. Qc3 Rg6 35. Nxe5 Qxd1+ 36. Kh2 Rxd6 37. Nf7 Rd2 38. Rd5 Rxd5 39. exd5 Rc8
40. Qe5 Nf6 41. Nd6 Rc2 42. Ne4 Nxd5 43. Ng3 Nf6 44. Ne4 Nxe4 45. Qxe4+ Kg8 46.
a5 Qd6+ 47. Kg1 Qc6 0-1

[Event "10th Philadelphia International"]
[Site "Philadelphia, PA"]
[Date "2016.07.10"]
[Round "9"]
[White "Ghatti, Sanjay"]
[Black "Baquero, Luis"]
[Result "1-0"]
[WhiteElo "2151"]
[BlackElo "2232"]
[PlyCount "119"]
[EventDate "2016.07.??"]
[EventType "swiss"]
[EventRounds "9"]
[EventCountry "USA"]

1. e4 e6 2. d4 d5 3. Nd2 c5 4. exd5 Qxd5 5. dxc5 Bxc5 6. Ngf3 Nf6 7. Bc4 Qc6 8.
Qe2 a6 9. O-O b5 10. Bd3 Bb7 11. c4 b4 12. Nb3 a5 13. Nxc5 Qxc5 14. Be3 Qc6 15.
Rac1 O-O 16. Rfd1 Nbd7 17. Ne1 Nc5 18. Bb1 e5 19. f3 Rfd8 20. Qf2 Rxd1 21. Rxd1
Ne6 22. b3 e4 23. Qg3 Rd8 24. Rxd8+ Nxd8 25. Qb8 Qc8 26. Qxc8 Bxc8 27. fxe4 Bb7
28. Bb6 Nc6 29. Nf3 Nd7 30. Bc7 f6 31. Kf2 Kf7 32. Ke3 g6 33. Bd3 Nc5 34. Bd6
Nxd3 35. Kxd3 Ke6 36. Bc7 Kd7 37. Bb6 Kd6 38. c5+ Kd7 39. Ke3 Ba6 40. Nd4 a4
41. Nxc6 Kxc6 42. Kd4 axb3 43. axb3 Bf1 44. g3 Bg2 45. Ba5 Kb5 46. Bd8 f5 47.
e5 Kc6 48. e6 Bd5 49. e7 Bf7 50. Ke5 Kd7 51. Kf6 Ke8 52. c6 Bd5 53. c7 Bb7 54.
h4 Bc8 55. Kg7 Bd7 56. Kxh7 Kf7 57. e8=Q+ Kxe8 58. Kxg6 Kf8 59. Kf6 Kg8 60. Be7
1-0